Pearsons IIT Foundation Physics 2022 : (Record no. 198585)

MARC details
000 -LEADER
fixed length control field 00699nam a22001697a 4500
005 - DATE AND TIME OF LATEST TRANSACTION
control field 20230927114751.0
020 ## - INTERNATIONAL STANDARD BOOK NUMBER
International Standard Book Number 9789354498398
Terms of availability 620.00
082 ## - DEWEY DECIMAL CLASSIFICATION NUMBER
Classification number 540
Edition number Tenth
245 ## - TITLE STATEMENT
Title Pearsons IIT Foundation Physics 2022 :
Remainder of title Paper-1 & Paper 2 2013-2022 /
250 ## - EDITION STATEMENT
Edition statement Tenth
260 ## - PUBLICATION, DISTRIBUTION, ETC. (IMPRINT)
Place of publication, distribution, etc Noida
Name of publisher, distributor, etc Pearson India Education Services Private Limited
Date of publication, distribution, etc 2022
270 ## - ADDRESS
Address 15th, Floor , Tower-B, World Trade Tower, Plot no 1, Block- C, Sector-16
City Uttar Pradesh
Postal code 201301
Telephone number 044-66540100
-- 9821874015
300 ## - PHYSICAL DESCRIPTION
Extent vp.
Dimensions 26cm(pbk)
500 ## - GENERAL NOTE
General note A Pathway to Crack JEE Useful for NTSE and Other Olympiad Exams
942 ## - ADDED ENTRY ELEMENTS (KOHA)
Source of classification or shelving scheme Dewey Decimal Classification
Item type English Books
Classification part 540
Call number suffix PEA
Holdings
Withdrawn status Lost status Not for loan Collection code Home library Current library Date acquired Source of acquisition Cost, normal purchase price Full call number Barcode Copy number Cost, replacement price Koha item type
      Non-fiction Mobile Library Mobile Library 27/09/2023 GIFT 620.00 540 PEA B-755857 1 620.00 English Books

© Delhi Public Library
Hit Counter
free hit counter